000 00701nam a2200241Ia 4500
003 OSt
005 20220918212519.0
006 a|||||r|||| 00| 0
007 ta
008 220917b |||||||| |||| 00| 0 eng d
024 _a129,197
037 _cTextual
040 _aARTS
_cARTS
_beng
041 _2eng
_aeng
082 _aX.654.N5, J4 (906)
110 _aInternational Bank for reconstruction and development
_9122816
245 0 _aEconomic development of Nigeria
260 _aNA
_bNA
_c1954
650 _aECONOMICS
700 _aInternational Bank for reconstruction and development
_9122817
942 _hX.654.N5, J4 (906)
_cTEXL
_2CC
999 _c252326
_d252326